Statystyki dla Quiz o polskiej piłce

Kliknij tutaj aby rozwiązać quiz!

Ogólne statystyki

  • Ten quiz został rozwiązany 141 razy
  • Średni wynik to 6 z 18

Statystyki odpowiedzi

ZagadnienieOdpowiedź% Poprawnych
Jak nazywa się najwyższa klasa rozgrywkowa w Polsce?Ekstraklasa
97%
Starcie między którymi klubami jest nazywane Wielkimi Derbami Śląska?Górnika Zabrze z Ruchem Chorzów
71%
Który z tych klubów nigdy nie zdobył miejsca w lidze z premiowanym awansem do eliminacji europejskich pucharów od sezonu 2008/09?Warta Poznań
70%
Który z tych klubów doszedł do finału Pucharu Zdobywców Pucharów?Górnik Zabrze
52%
Ile trzeba wywalczyć tytułów mistrza Polski, aby na koszulce mieć srebną gwiazdkę?5
44%
Ile razy polska reprezentacja grała w finałach Mistrzostw Świata?8
44%
Ile klubów zdobywało tytuł Mistrza Polski?18
36%
W którym roku wyłoniono pierwszego Mistrza Polski?1921
32%
Jaki był największy sukces GKSu Jastrzębie w historii istnienia klubu?Półfinał PP oraz awans do I ligi (wówczas to była najwyższa klasa rozgrywkowa)
30%
Jakie było najwyższe zwycięstwo w europejskich pucharach przez polskie kluby?8:1
26%
Który klub zdobył PP w sezonie 2019/20?Cracovia
23%
Kto tak wysoko wygrał mecz?Górnik Zabrze
22%
Ile klubów zdobywało Puchar Polski?23
21%
Jaki był król strzelców z największa ilością strzelonych goli?Henryk Reyman
19%
Która z tych drużyn nigdy nie grała w najwyższej klasie rozgrywkowejElana Toruń
16%
Ile lat i dni miał najstarszy debiutant w najwyższej klasie rozgrywkowej?37 lat i 279 dni
13%
Ile lat i dni miał najmłodszy debiutant w najwyższej klasie rozgrywkowej?15 lat 57 dni
11%
Ile razy wyłaniano mistrza Polski systemem nieligowym?7
10%

Rozkład punktacji

Percentyl według liczby udzielonych odpowiedzi

Procent ludzi z każdym wynikiem

Twoja historia wyników

Nie rozwiązałeś tego quizu